Guess the best anime of every year (MAL) - Statistiques

Statistiques générales
  • Ce quiz a été pris 25 fois
  • Le résultat moyen est 3 sur 11
Statistiques - réponses
Hint Réponse % Correct
2006 Death Note
60%
2023-? Frieren
60%
2022 Bleach: Sennen Kessen-hen
45%
2010 Fullmetal Alchemist: Brotherhood
35%
2013-2015 Fullmetal Alchemist: Brotherhood
35%
2018-2021 Fullmetal Alchemist: Brotherhood
35%
2011-2012 Gintama'
25%
2007-2008 Tengen Toppa Gurren Lagann
15%
2016 Your Name
10%
2017 Overlord II
5%
2009 Legend of the Galactic Heroes
0%
Aucun quiz correspondant
Distribution des résultats
% des personnes avec chaque résultat
Percentile par nombre de réponses
Votre historique - résultats
Vous n’avez pas pris ce quiz